| 000 | 01240nam a2200229Ia 4500 | ||
|---|---|---|---|
| 003 | Ost | ||
| 005 | 20260507075357.0 | ||
| 008 | 260507s9999||||xx |||||||||||||| ||und|| | ||
| 020 | _a20539199579 | ||
| 040 | _cfsecg | ||
| 041 | _aara | ||
| 082 | _a330 | ||
| 100 |
_aالقطاطشة، محمد حمد _eمؤلف |
||
| 245 | 0 |
_aالنظام الإقتصادي السياسي الدولي / _c محمد حمد القطاطشة |
|
| 260 |
_aعمان: _bدار وائل للنشر والتوزيع, _c2013 |
||
| 300 |
_a297 صفحة؛ _bإيضاحات ؛ _c25 سم |
||
| 504 | _aملاحق ص.263 | ||
| 520 | _aالعلاقات الإقتصادية الدولية بعد الحرب العالمية الثانية- المؤسسات الإقتصادية الدولية الدولية ( مؤسسات بريتون وودز)- الشركات المتعددة الجنسيات- حوار الشمال والجنوب- مجموعة العشرين ومجموعة الثمانية- الإقتصاد الامريكي- الأزمة المالية العالمية(2008-2009)- العملة الخليجية الموحدة- العولمة | ||
| 653 | _aالإقتصاد الدولي | ||
| 653 | _aالإقتصاد السياسي | ||
| 942 | _cكتاب | ||
| 999 |
_c44249 _d44249 |
||